Представление документа в формате RUSMARC

ПолеНазваниеЗначение
  Тип записи a
  Библиографический уровень m
001 Контрольный номер RU/ГПНТБ России/EK/74.90/З-27-603277283
005 Дата корректировки 20251110094354.7
010 Индекс ISBN __
a ISBN 978-5-222-41531-3
b Уточнения в пер.
9 Тираж 3000
d Цена 876-33
100 Данные общей обработки __
a Данные общей обработки 20251031d2024 mm y0rusy0289 ca
101 Язык документа 1_
a Язык текста rus
c Язык оригинала eng
102 Страна публикации __
a Страна публикации RU
105 Кодированные данные (монография) __
a Кодированные данные (монография) y zz 000yy
181 Поле кодированных данных: вид содержания _0
a Код вида содержания (ISBD) i
182 Поле кодированных данных: тип средства _0
a Код типа средства (ISBD) n
200 Заглавие и сведения об ответственности 1_
a Заглавие Гид по детской безопасности для родителей дошкольников
f Первые сведения об ответственности Айрин ван дер Занде
g Последующие сведения об ответственности перевод с английского Ирины Коробейниковой
g Последующие сведения об ответственности [адаптировала и предисловие написала Ольга Бочкова]
205 Сведения об издании __
a Основные сведения об издании Издание 3-е
210 Выходные данные 1_
a Место издания Ростов-на-Дону
c Издательство Феникс
d Дата издания 2024
215 Физическое описание __
a Объем 202, [2] с.
d Формат 24 см
225 Серия (Журнальная рубрика) 2_
a Серия (Журнальная рубрика) Школа безопасности для детей и взрослых
320 Библиография __
a Библиография Об авторе: с. 204
330 Аннотация __
a Аннотация Книга посвящена личной безопасности, основам безопасности жизнедеятельности и правилам поведения детей дошкольного возраста. В ней собраны простые правила и способы их тренировки, основанные на более чем тридцатилетнем профессиональном опыте автора, основателя международной компании по обучению безопасному поведению.
333 Примечание о целевом назначении __
a Примечание о целевом назначении 16+
454 Оригинал _0
1 700 1
a Zande
g Irene van der
b I.
1 2001
a Earlist Teachable Moment: Personal Safety for Babies, Todblers, and Preschoolers
f Irene van der Zande
606 Тематические рубрики __
a Основная рубрика Образование. Педагогика
606 Тематические рубрики __
a Основная рубрика Семейное воспитание и образование
610 Ключевые слова 0_
a Ключевые слова основы безопасности жизнедеятельности
a Ключевые слова основы безопасности дошкольников
a Ключевые слова безопасность жизнедеятельности
a Ключевые слова безопасность дошкольников
a Ключевые слова безопасное поведение детей
a Ключевые слова дети и родители
a Ключевые слова безопасность детей
a Ключевые слова детская безопасность
a Ключевые слова правила поведения
a Ключевые слова личная безопасность
a Ключевые слова угроза безопасности
a Ключевые слова дошкольники
686 Индексы других классификаций __
2 Код системы rubbk
a Индекс ББК 74.90
700 Автор _1
a Фамилия Занде
b Имя А.
g Полное личное имя Айрин ван дер
4 Код отношения 070
702 Вторичная интеллектуальная ответственность _1
a Фамилия Коробейникова
b Имя И.
g Полное личное имя Ирина
4 Код отношения 730
702 Вторичная интеллектуальная ответственность _1
a Фамилия Бочкова
b Имя О. А.
g Полное личное имя Ольга Александровна
4 Код отношения 010
801 Источник записи _0
b Организация ГПНТБ России
a Страна RU
c Дата составления 20251031
801 Источник записи _1
b Организация ГПНТБ России
a Страна RU
c Дата составления 20251031
801 Источник записи _2
a Страна RU
b Организация Центральная районная библиотека им. Г. А. Пирожникова
c Дата составления 20251106
g Правила каталогизации bzbo
852 Данные о местонахождении __
j Шифр хранения 74.90
i Авторский знак З-271
901 Тип документа __
t Тип документа m
902 Роль лиц __
b Редактор БЗ ОКиО/Шумских